000 00615nam a2200205Ia 4500
003 IEPS
005 20250703135314.0
008 250223s9999||||xx |||||||||||||| ||und||
020 _a9957165529
040 _CIEPS
041 _aara
082 _a370.1
100 _aالصافي عبد الحكيم محمود
245 0 _aتعليم الاطفال في عصر الاقتصاد المعرفي
260 _aعمان
_bدار الثقافة للنشر و التوزيع
_c2010
300 _a576 ص.
_bجدول
_c24 سم.
653 _aاساليب التدريس
653 _aالتعلم
942 _cكتاب
999 _c13191
_d13191